000
00208 a2200097 4500
001
45751
100
_a
Brent, R
245
_a
Secrets of chemistry
260
_a
London
_b
Paul Hamlyn
_c
090
_c
28881
_d
28881
942
_a
NUST-CAE
_c
M
_c
20981
999
_c
280824
_d
280824